000 00689nam a2200229 i 4500
001 8856
003 ES-MaACL
005 20250629082009.0
007 t|
008 921105s1980 sp ||||1| spa d
080 _a86-14"19"
080 _a86(Carrasco,F.7 C.01)
100 1 _aCarrasco, Francisco.
_935527
245 1 0 _aCon el tiempo en las manos /
_cFrancisco Carrasco.
260 _aTalavera de la Reina :
_bAyuntamiento,
_cD.L. 1980.
300 _a47 p. ;
_c22 cm.
490 1 _aColección Melibea ;
_v5
710 1 _aTalavera de la Reina.
_bAyuntamiento
_96902
830 0 _aColección Melibea ;
_v5
_9178216
852 _aES-MaACL
_jL-16258
_bR.121012
999 _c8856
_d8856